000 00547nam a2200181 a 4500
001 1766046744797
003 YourLibrary
005 20251222113207.0
008 251218s1993##################000#0#eng##
020 _a9783631462096
082 0 4 _a234
_bCON
100 1 _aConway, Eamonn,
_eauthor.
245 1 0 _aThe Anonymous Christian - a Relativised Christianity? :
260 _bPeter Lang Gmbh, Internationaler Verlag Der Wissenschaften,
_c1993.
650 0 _aReligious pluralism.
942 _cENGLISH
040 _aYourLibrary
_beng
_cYourLibrary
999 _c604015
_d604015